000
00318nam a2200121Ia 4500
005
20251222154309.0
008
251222s9999||||xx |||||||||||||| ||spa||
020
_a
84-206-0428-3
082
_a
869.019/O93
100
_a
"Oviedo, José Miguel"
245
0
_a
Antología crética del cuento hispanoamericano
942
_c
LIB
999
_c
33323
_d
33323